000 00606nam a2200229Ia 4500
003 OSt
005 20220925203147.0
006 a|||||r|||| 00| 0
007 ta
008 220923b |||||||| |||| 00| 0 eng d
037 _cGeneral Book
040 _aRTL
_cRTL
_beng
041 _2eng
_aeng
082 _aV2.K, F8
100 _aDe Laet Joannes
_9264944
245 0 _aEmprie of the great mogol. Tr by J S Hoyland
260 _aDelhi
_b#NAME?
_c1928
300 _axiv,252p.
_ccm.
650 _aIndian History
942 _hV2.K, F8
_cGB
_2CC
999 _c545332
_d545332